History using Z - Statistics

General Stats
  • This quiz has been taken 24 times
  • The average score is 4 of 9
Answer Stats
Hint Answer % Correct
God of the sky in Greek mythology, also known as Jupiter Zeus
92%
Movement for the establishment of a Jewish state Zionism
88%
A rectangular stepped tower, sometimes surrounded by a temple, common in ancient Mesopotamia Ziggurat
71%
French author and founder of the idea of Naturalism Zola
50%
Greek philosopher of the Eleatic school, Student of Parmenides Zeno
29%
Famous telegram sent by the Germans to Mexico in WW1 Zimmerman
29%
Queen of the Palmyrene Empire who challenged the authority of Rome Zenobia
8%
Tax collector from Jericho who climbed a fig tree to see Jesus Zacchaeus
0%
Chinese Pirate who famously led a 600 ship pirate confederation Zheng Yi
0%
No matching quizzes found
Score Distribution
Percent of People with Each Score
Percentile by Number Answered
Your Score History
You have not taken this quiz